| 000 | 00398nam a22001337a 4500 | ||
|---|---|---|---|
| 082 | _aBEE-2 RIZ | ||
| 100 |
_aRizwan Hanif _993074 |
||
| 245 | _aLi-Fi | ||
| 260 |
_aIslamabad _bNUST-SEECS _c2014 |
||
| 500 | _aSupervisor: Dr. Usman Younis | ||
| 700 |
_aRizwan Hanif, Syed Dawar Zaman, Mohammad Uzair Aslam _993075 |
||
| 856 | _u http://10.250.8.41:8080/xmlui/handle/123456789/9205 | ||
| 942 |
_cPR _2ddc |
||
| 999 |
_c12937 _d12937 |
||